00518nam a2200121Ia 4500008004100000100002000041245014500061245008200206260000900288300003100297440004500328650002300373171207s9999 xx 000 0 und d aGasparic, Marko 2aA graphical user interface for presenting integrated development environment command recommendations: Design, evaluation, and implementation cMarko Gasparic, Andrea Janes, Francesco Ricci, Gail C. Murphy, Tural Gurbanov c2017 apages 236-255, August 2017 aInformation and Software Technologyv92: aSOFTWARE TECHNLOGY